000 00277nam a22001217a 4500
008 180925b xxu||||| |||| 00| 0 eng d
041 _aeng
080 _a712
100 _a45
101 _aART
245 _aPainting In The Rwentienth Cenruery
_cWerner.h
942 _2udc
_cBK
999 _c48444
_d48444